Introduction to Automata Theory, Languages, and Computation (Record no. 3793)

MARC details
000 -LEADER
fixed length control field 00409nam a2200157Ia 4500
008 - FIXED-LENGTH DATA ELEMENTS--GENERAL INFORMATION
fixed length control field 191201s2002 xx 000 0 und d
020 ## - INTERNATIONAL STANDARD BOOK NUMBER
International Standard Book Number 8185015961
082 ## - DEWEY DECIMAL CLASSIFICATION NUMBER
Classification number 005.131
Item number HOI
100 ## - MAIN ENTRY--PERSONAL NAME
Personal name HOPCROFT, John
245 #0 - TITLE STATEMENT
Title Introduction to Automata Theory, Languages, and Computation
250 ## - EDITION STATEMENT
Edition statement Rep
260 ## - PUBLICATION, DISTRIBUTION, ETC. (IMPRINT)
Place of publication, distribution, etc N.Delhi
Name of publisher, distributor, etc Narosa Publication House
Date of publication, distribution, etc 2002
300 ## - PHYSICAL DESCRIPTION
Extent 418
650 ## - SUBJECT ADDED ENTRY--TOPICAL TERM
Topical term or geographic name as entry element MCA
942 ## - ADDED ENTRY ELEMENTS (KOHA)
Source of classification or shelving scheme Dewey Decimal Classification
Koha item type Text Books
Holdings
Withdrawn status Lost status Source of classification or shelving scheme Damaged status Not for loan Collection code Home library Current library Date acquired Source of acquisition Cost, normal purchase price Bill Number Total Checkouts Full call number Acc. no. / Barcode Date last seen Bill Date Koha item type Date last borrowed
    Dewey Decimal Classification     MCA PIET C-LIBRARY PIET C-LIBRARY 25/02/2009 J B C, New Delhi 235.00 SI-5377   005.131 HOI 11236 04/12/2019 27/01/2009 Text Books  
    Dewey Decimal Classification     MCA PIET C-LIBRARY PIET C-LIBRARY 25/02/2009 J B C, New Delhi 235.00 SI-5377 1 005.131 HOI 11237 15/11/2021 27/01/2009 Text Books 08/11/2021

Design & Developed by: PIET Central Library
R70 Miles Stone Pattikalyana Samalkha Panipat 132102
mail ID :- [email protected], Phone No:- 0180-2569700 Ex.216